02056cam a22004334i 4500003000900000005001700009008004100026020001800067020001800085020001800103040003300121041001300154082002100167100004400188245005000232250002300282264006700305300002800372336002100400337002500421338002300446504005900469505076600528526001001294526001001304526001001314526001001324526000801334526000801342526000801350526000801358526000801366526000801374526000801382534010601390650003701496650005801533650003101591PE-LiUPU20260218151000.0151123s2014 ag rb 000 0 spa d a9789877011784 a9789875674387 a9789875674233 aPE-LiUPUbspacPE-LiUPUerda1 aspaheng a248.5bW583c2231 aWhite, Elena G. de,d1827-1915,eautor.10aConducción del niño /cElena G. de White. aPrimera edición. 1aBuenos aires :bAsociación Casa Editora Sudamericana,c2014. a298 páginas ;c22 cm atext2rdacontent aunmediated2rdamedia avolume2rdacarrier aIncluye referencia bibliografica al píe de página.0 aEl hogar, la primera escuela -- Los métodos y los textos -- Maestros debidamente preparados -- Obediencia es la lección más importante -- Otras lecciones básicas -- Lecciones de virtudes prácticas -- El desarrollo de las cualidades cristianas -- La tarea suprema: el desarrollo del carácter -- Elementos fundamentales en la edificación del carácter -- La disciplina y su administración -- Disciplina defectuosa -- El desarrollo de las facultades mentales -- Importancia fundamental del desarrollo físico -- El mantenimiento de la idoneidad física -- El atavío adecuado -- Preservación de la integridad moral -- El despertar de las facultades espirituales -- El mantenimiento de la experiencia religiosa -- El día del cómputo final. aSEG42 aSEG41 aSEG40 aSEG39 aP94 aP87 aP86 aP85 aP77 aP76 aP35 pTítulo original :tChild Guidance, Review and Herald Publishing Association, Hagerstown, MD, E.U.A.14aEducación cristiana de niños24aCrianza de niñosxAspectos religiososxCristianismo24aFormación del carácter